000 00367nam a2200133Ia 4500
008 231129s9999||||xx |||||||||||||| ||spa||
020 _a84-8223-085-9
040 _bspa
082 _a946.043 H967g
100 _aHurtado de Mendoza Diego
245 0 _aGuerra de Granada
264 _aMadrid EspaƱa : Globus
942 _2ddc
_cBKS
999 _c14686
_d14686